<?xml version="1.0" encoding="UTF-8"?>
<collection xmlns:xsi="http://www.w3.org/2001/XMLSchema-instance" xsi:schemaLocation="http://www.loc.gov/MARC21/slim http://www.loc.gov/standards/marcxml/schema/MARC21slim.xsd" xmlns="http://www.loc.gov/MARC21/slim">
 <record>
  <leader>00000nmm a2200000 i 4500</leader>
  <controlfield tag="001">UP-99946688290057110</controlfield>
  <controlfield tag="003">Buklod</controlfield>
  <controlfield tag="005">20230511111722.0</controlfield>
  <controlfield tag="006">m     o  u        </controlfield>
  <controlfield tag="007">cr |||||||||||</controlfield>
  <controlfield tag="008">230511t20092009ne     go  u        eng d</controlfield>
  <datafield tag="020" ind1=" " ind2=" ">
   <subfield code="z">9780123750235</subfield>
  </datafield>
  <datafield tag="035" ind1=" " ind2=" ">
   <subfield code="a">(OCoLC)469627724</subfield>
  </datafield>
  <datafield tag="040" ind1="0" ind2=" ">
   <subfield code="a">UtOrBLW</subfield>
   <subfield code="d">DSCI</subfield>
   <subfield code="e">rda</subfield>
  </datafield>
  <datafield tag="041" ind1="0" ind2=" ">
   <subfield code="a">eng</subfield>
  </datafield>
  <datafield tag="042" ind1=" " ind2=" ">
   <subfield code="a">DMLUC</subfield>
  </datafield>
  <datafield tag="084" ind1=" " ind2=" ">
   <subfield code="a">R 859.7 C65 </subfield>
   <subfield code="b">C66 2009eb</subfield>
  </datafield>
  <datafield tag="245" ind1="0" ind2="0">
   <subfield code="a">Computer methods</subfield>
   <subfield code="n">part B</subfield>
   <subfield code="c">edited by Michael L. Johnson and Ludwig Brand.</subfield>
  </datafield>
  <datafield tag="264" ind1=" " ind2="4">
   <subfield code="a">Amsterdam</subfield>
   <subfield code="b">Academic Press/Elsevier</subfield>
   <subfield code="c">[2009]</subfield>
  </datafield>
  <datafield tag="300" ind1=" " ind2=" ">
   <subfield code="a">1 online resource (xlviii, 645 pages, 16 unnumbered pages of plates)</subfield>
   <subfield code="b">illustrations (some color)</subfield>
  </datafield>
  <datafield tag="336" ind1=" " ind2=" ">
   <subfield code="a">text</subfield>
   <subfield code="2">rdacontent</subfield>
  </datafield>
  <datafield tag="337" ind1=" " ind2=" ">
   <subfield code="a">computer</subfield>
   <subfield code="2">rdamedia</subfield>
  </datafield>
  <datafield tag="338" ind1=" " ind2=" ">
   <subfield code="a">online resource</subfield>
   <subfield code="2">rdacarrier</subfield>
  </datafield>
  <datafield tag="490" ind1="1" ind2=" ">
   <subfield code="a">Methods in enzymology</subfield>
   <subfield code="v">volume 467</subfield>
  </datafield>
  <datafield tag="504" ind1=" " ind2=" ">
   <subfield code="a">Includes bibliographical references and indexes.</subfield>
  </datafield>
  <datafield tag="505" ind1="0" ind2="0">
   <subfield code="a">Fitting enzyme kinetic data with KinTek Global Kinetic Explorer -- Enzyme kinetics and computational modeling for systems biology -- Pancratic network control of glucagon secretion and counterregulation -- Nonparametric entropy estimation using kernel densities -- The least-squares analysis of data from binding and enzyme kinetics studies weights, bias, and confidence intervals in usual and unusual situations -- Modeling of growth factor-receptor systems from molecular-level protein interaction networks to whole-body compartment models -- Nonlinear dynamical analysis and optimization for biological/biomedical systems -- Montecarlo simulation in establishing analytical quality requirements for clinical laboratory tests meeting clinical needs -- Simple stochastic simulation -- Bayesian probability approach to ADHD appraisal -- Deterministic and stochastic models of genetic regulatory networks -- The basic concepts of molecular modeling -- Discrete dynamic modeling of cellular signaling networks -- DynaFit--a software package for enzymology -- Large scale transcriptome data integration across multiple tissues to decipher stem cell signatures -- High-throughput computing in the sciences -- Algebraic models of biochemical networks -- Effect of kinetics on sedimentation velocity profiles and the role of intermediates -- Entropy demystified the &quot;thermo&quot;-dynamics of stochastically fluctuating systems -- Modeling and simulation of the immune system as a self-regulating network -- Matrix factorization for recovery of biological processes from microarray data -- Trait variability of cancer cells quantified by high-content automated microscopy of single cells -- Correlation analysis a tool for comparing relaxation-type models to experimental data.</subfield>
  </datafield>
  <datafield tag="506" ind1="0" ind2=" ">
   <subfield code="a">IP-based subscription, on campus only.  </subfield>
   <subfield code="c">Access via Electronic Resources of the UPD University Library Website.</subfield>
  </datafield>
  <datafield tag="650" ind1=" " ind2="0">
   <subfield code="a">Biomedical engineering.</subfield>
  </datafield>
  <datafield tag="650" ind1=" " ind2="0">
   <subfield code="a">Medical sciences</subfield>
   <subfield code="x">Study and teaching.</subfield>
  </datafield>
  <datafield tag="650" ind1=" " ind2="0">
   <subfield code="a">Electronic books.</subfield>
  </datafield>
  <datafield tag="700" ind1="1" ind2=" ">
   <subfield code="a">Johnson, Michael L.</subfield>
   <subfield code="e">editor.</subfield>
  </datafield>
  <datafield tag="700" ind1="1" ind2=" ">
   <subfield code="a">Brand, Ludwig.</subfield>
   <subfield code="e">editor.</subfield>
  </datafield>
  <datafield tag="830" ind1=" " ind2="0">
   <subfield code="a">Methods in enzymology</subfield>
   <subfield code="v">volume 467.</subfield>
  </datafield>
  <datafield tag="856" ind1="0" ind2="0">
   <subfield code="a">Also available remotely for University of the Philippines System via Science Direct through. Click here to access thru Open Athens</subfield>
   <subfield code="u">https://www.sciencedirect.com/bookseries/methods-in-enzymology/vol/467/suppl/C</subfield>
   <subfield code="a">(viewed 21 October 2022)</subfield>
  </datafield>
  <datafield tag="905" ind1=" " ind2=" ">
   <subfield code="a">FO</subfield>
  </datafield>
  <datafield tag="852" ind1="0" ind2=" ">
   <subfield code="a">UPD</subfield>
   <subfield code="b">DSCI</subfield>
   <subfield code="h">R 859.7 C65</subfield>
   <subfield code="i">C66 2009EB</subfield>
  </datafield>
  <datafield tag="942" ind1=" " ind2=" ">
   <subfield code="a">Electronic Resource</subfield>
  </datafield>
 </record>
</collection>
